000 00833nam a2200265Ia 4500
008 160803s9999 xx 000 0 und d
020 _a0439351081 (paperback)
100 _aWirth, Crystal
245 _aAt 1600 Pennsylvania Avenue /
245 _cby Crystal Wirth ; illustrated by Jared Lee.
260 _aNew York :
260 _bScholastic Inc.
260 _c2002
300 _a16 pages :
300 _bcolor illustrations ;
300 _c21 cm
500 _a"Only available for distribution through the school market."
650 _aPresidents -- United States --
650 _aWashington (D.C.) -- Buildings, structures, etc. --
650 _aWhite House (Washington, D.C.) --
650 _xJuvenile literature.
650 _xJuvenile literature.
650 _xJuvenile literature.
700 _a430
999 _c299871
_d299871